000 00326nam a2200133Ia 4500
005 20251222151257.0
008 251222s9999||||xx |||||||||||||| ||spa||
020 _a9786075265049
082 _a658.155.2/E37
100 _aElcira, Beatrice
245 0 _aAdministración de Costos:
264 _bCENGAGE Learning
942 _cLIB
999 _c22862
_d22862